| 000 | 00456nam a2200193Ia 4500 | ||
|---|---|---|---|
| 005 | 20240823061726.0 | ||
| 008 | 240823s9999||||xx |||||||||||||| ||und|| | ||
| 020 | _a93-83581-25-5 | ||
| 041 | _aENGLISH | ||
| 082 | _A820 Q7 | ||
| 100 | _aShanmugakani A | ||
| 245 | 2 | _aA History of English Literature | |
| 250 | _a1st | ||
| 260 |
_c2017 _bHarrows Publica |
||
| 500 | _aYES | ||
| 650 |
_aEnglish Literature _bEnglish |
||
| 942 | _cBK | ||
| 999 |
_c234204 _d234204 |
||